[Event "URS-FL"]
[Site "Kursk"]
[Date "1987.??.??"]
[Round "?"]
[White "Gleizerov, Evgeny"]
[Black "Shabanov, Yuri"]
[Result "1/2-1/2"]
[WhiteElo "2405"]
[BlackElo "2410"]

1.Nf3 d5 2.g3 Bg4 3.Bg2 e6 4.c4 c6 5.cxd5 exd5 6.O-O Nf6 7.d3 Be7 8.Nc3 O-O
9.h3 Bc8 10.e4 dxe4 11.dxe4 Qxd1 12.Rxd1 Rd8 13.Be3 Rxd1+ 14.Rxd1 Na6 15.e5 Nd7
16.Ne4 Nb4 17.Nd6 Nd5 18.Nxc8 Rxc8 19.Nh4 N7b6 20.Nf5 Nxe3 21.Nxe7+ Kf8 22.Nxc8 Nxd1
23.Nd6 Nxb2 24.Nxb7 Nd3 25.f4 Nb4 26.Kf2 Nxa2 27.Bxc6 h6 28.Ke3 Nc3 29.Kd3 Ncd5
30.Kd4 Ne7 31.Be4 g6 32.Kc5 h5 33.Nd6 Nd7+ 34.Kb5 a6+ 35.Kxa6 h4 36.g4 g5
37.fxg5 Nc5+ 38.Kb5 Nxe4 39.Nxe4 Ng6 40.Kc5 Nxe5 41.Kd4 Nf3+ 42.Ke3 Ng1 43.g6 Nxh3  1/2-1/2

[Event "URS-FL"]
[Site "Kursk"]
[Date "1987.??.??"]
[Round "?"]
[White "Khasin, Alexander"]
[Black "Melnikov, A."]
[Result "1-0"]
[WhiteElo "2410"]
[BlackElo "2335"]

1.Nf3 d5 2.g3 Nf6 3.Bg2 g6 4.c4 c6 5.d4 Bg7 6.Qb3 O-O 7.O-O a5 8.cxd5 a4
9.Qd1 cxd5 10.Nc3 Qa5 11.a3 Ne4 12.Bd2 Nxd2 13.Qxd2 e6 14.Rfd1 Nd7 15.h4 Nf6
16.Ne5 Bd7 17.e4 Bc6 18.Rac1 Rfd8 19.exd5 Bxd5 20.Nxd5 Nxd5 21.Qe2 Qb6 22.Rc4 Ra5
23.Rdc1 Qd6 24.Rc8 Ra8 25.R8c5 Ne7 26.Bxb7 Rab8 27.Qf3 f6 28.Nc6 Nxc6 29.Rxc6 Qe7
30.Bc8 Rxd4 31.Rxe6 Qf8 32.Bb7 f5 33.Rc7 Re8 34.Bd5 Rxe6 35.Bxe6+ Kh8 36.h5 gxh5
37.Qxh5 f4 38.Bf5 h6 39.Qg6  1-0

[Event "URS-FL"]
[Site "Kursk"]
[Date "1987.??.??"]
[Round "?"]
[White "Khasin, Alexander"]
[Black "Shabanov, Yuri"]
[Result "1-0"]
[WhiteElo "2410"]
[BlackElo "2410"]

1.Nf3 d5 2.g3 c6 3.Bg2 Bg4 4.c4 e6 5.cxd5 exd5 6.h3 Bxf3 7.Bxf3 Nf6 8.O-O Be7
9.d3 O-O 10.e4 Nbd7 11.Nc3 Ne5 12.Be2 dxe4 13.dxe4 Bb4 14.Qc2 Re8 15.a3 Ba5
16.Kg2 Ng6 17.b4 Bb6 18.Bb2 Qe7 19.Rfe1 a5 20.b5 Qc5 21.Bd3 cxb5 22.Nxb5 Ne5
23.Qxc5 Bxc5 24.Bf1 Rad8 25.Rad1 Nc6 26.f3 Rxd1 27.Rxd1 Rd8 28.Rxd8+ Nxd8
29.Bd3 Nc6 30.f4 Ne8 31.e5 Na7 32.Nxa7 Bxa7 33.Bc3 Bc5 34.Bxa5 Bxa3 35.Be4 h5
36.Bxb7 g6 37.Kf3 Ng7 38.Ke4 Bc5 39.Bc8 Bf2 40.g4 hxg4 41.hxg4 Ne6 42.Bd2 Nc7
43.f5 gxf5+ 44.gxf5 Ne8 45.Kd5 Bh4 46.Bc3 Bg5 47.Bd7 Ng7 48.f6 Nh5 49.Ke4 Bc1
50.Be1 Nf4 51.Kf5 Nd5 52.Bf2 Be3 53.Be1 Bc1 54.e6 Ba3 55.exf7+ Kh7 56.Bd2 Bf8
57.Ke5  1-0

[Event "Leningrad"]
[Site "Leningrad"]
[Date "1987.??.??"]
[Round "?"]
[White "Romanishin, Oleg M"]
[Black "Nogueiras, Jesus"]
[Result "1/2-1/2"]
[WhiteElo "2570"]
[BlackElo "2565"]

1.Nf3 d5 2.g3 c6 3.Bg2 Bg4 4.c4 e6 5.cxd5 exd5 6.O-O Nf6 7.d3 Nbd7 8.Nc3 Bd6
9.Be3 O-O 10.Qb3 Qb8 11.Rac1 Re8 12.Bd4 h6 13.Rfe1 Nh7 14.Qa4 Qd8 15.Be3 Nhf6
16.Qb3 Qb8 17.Bd4 Nh7 18.Qa4 Qd8 19.Be3 Nhf6 20.Qb3  1/2-1/2

[Event "Leningrad"]
[Site "Leningrad"]
[Date "1987.??.??"]
[Round "?"]
[White "Romanishin, Oleg M"]
[Black "Jussupow, Artur"]
[Result "1/2-1/2"]
[WhiteElo "2570"]
[BlackElo "2645"]

1.Nf3 d5 2.g3 c6 3.Bg2 Bg4 4.c4 e6 5.Ne5 Bh5 6.cxd5 exd5 7.d4 Nd7 8.O-O Nxe5
9.dxe5 Bc5 10.Nc3 Ne7 11.Na4 Bb6 12.b3 O-O 13.Bb2 Nf5 14.Qd2 Re8 15.Nxb6 Qxb6
16.Qg5 Bg6 17.h4 Qb4 18.Rad1 h6 19.Qd2 a5 20.Bc3 Qc5 21.e3 Qb6 22.Rfe1 a4
23.b4 Rad8 24.a3 Bh5 25.Rc1 d4 26.exd4 Nxd4 27.Qe3 Rd7 28.Bxd4 Qxd4 29.Rc5 Qxe3
30.Rxe3 Rd1+ 31.Kh2 Rd2 32.Kg1 Rd1+ 33.Kh2 Rd2 34.Kg1  1/2-1/2

[Event "Leningrad"]
[Site "Leningrad"]
[Date "1987.??.??"]
[Round "?"]
[White "Salov, Valery"]
[Black "Chandler, Murray G"]
[Result "1/2-1/2"]
[WhiteElo "2550"]
[BlackElo "2595"]

1.Nf3 d5 2.g3 Nf6 3.Bg2 Bf5 4.d3 e6 5.O-O Be7 6.c4 c6 7.cxd5 exd5 8.Nd4 Bg6
9.Nc3 O-O 10.e4 Nbd7 11.Nde2 dxe4 12.dxe4 Nc5 13.Qc2 Qd3 14.Qxd3 Nxd3 15.Nf4 Nxc1
16.Raxc1 Rad8 17.Rfd1 Bb4 18.Nxg6 hxg6 19.Kf1 g5 20.Rxd8 Rxd8 21.Rd1 Re8
22.Rd4 a5 23.f3 g6 24.Bh3 Kg7 25.Kg2 Bxc3 26.bxc3 c5 27.Rd2 b5 28.a3 g4 29.Bxg4 Nxg4
30.fxg4 Rxe4 31.Rb2 b4 32.axb4 cxb4 33.cxb4 Rxb4 34.Ra2 a4 35.g5 Kf8 36.h4 Ke7
37.Kh3 Kd6 38.Rf2 Rb7 39.g4 Ra7 40.h5 a3 41.Ra2 Kc5 42.h6 Kb4 43.h7 Ra8 44.Rf2 Rh8
45.Kg3 Rxh7 46.Rf4+ Kb5 47.Rf3 Kb4  1/2-1/2

[Event "Leningrad"]
[Site "Leningrad"]
[Date "1987.??.??"]
[Round "?"]
[White "Salov, Valery"]
[Black "Torre, Eugenio"]
[Result "1-0"]
[WhiteElo "2550"]
[BlackElo "2540"]

1.Nf3 d5 2.g3 Nf6 3.Bg2 c6 4.c4 dxc4 5.O-O Nbd7 6.Na3 Nb6 7.Qc2 Qd5 8.Nh4 Qe6
9.e4 g6 10.Re1 Nfd7 11.b3 Bg7 12.Bb2 Bxb2 13.Qxb2 O-O 14.bxc4 Ne5 15.d4 Nexc4
16.Nxc4 Nxc4 17.Qc3 Nd6 18.a4 Rd8 19.Rac1 Ne8 20.Nf3 Qf6 21.h4 Ng7 22.a5 a6
23.Qa3 Qd6 24.Qe3 Bg4 25.Ne5 Be6 26.Qh6 f6 27.Nf3 Bg4 28.Nh2 Be6 29.Nf3 Rd7
30.h5 Qb4 31.hxg6 hxg6 32.Qxg6 Bf7 33.Qh6 Qxa5 34.e5 Rf8 35.Re4 Bh5 36.Rh4 Qa3
37.Re1 Qc3 38.Rxh5 Nxh5 39.Qxh5 Rxd4 40.Qg6+ Kh8 41.exf6  1-0

[Event "London NWYM"]
[Site "London"]
[Date "1987.??.??"]
[Round "?"]
[White "Martin, Andrew D"]
[Black "Vlahos, Kiriakos"]
[Result "1/2-1/2"]
[WhiteElo "2375"]
[BlackElo "2275"]

1.Nf3 d5 2.g3 Nf6 3.Bg2 c6 4.c4 dxc4 5.O-O Nbd7 6.Na3 Nb6 7.Qc2 Be6 8.Ng5 Bg4
9.Re1 h6 10.Nf3 Bxf3 11.Bxf3 Qd4 12.Rb1 e6 13.b3 cxb3 14.Rxb3 Qd7 15.Nc4 Nxc4
16.Qxc4 Rc8 17.Bb2 Be7 18.a4 Qc7 19.Rb1 b6 20.Rc1 O-O 21.Qxc6 Qxc6 22.Bxc6 Rfd8
23.d3 Nd5 24.Bb5 Rxc1+ 25.Bxc1  1/2-1/2

[Event "London Peace"]
[Site "London"]
[Date "1987.??.??"]
[Round "?"]
[White "McDonald, Neil R"]
[Black "Crouch, Colin S"]
[Result "1-0"]
[WhiteElo "2400"]
[BlackElo "2320"]

1.Nf3 d5 2.g3 g6 3.Bg2 Bg7 4.d3 e6 5.c3 Ne7 6.Bd2 b6 7.Qc1 Bb7 8.Bh6 Bxh6
9.Qxh6 Nf5 10.Qf4 Qd6 11.Qa4+ Bc6 12.Qc2 Nd7 13.Nbd2 O-O-O 14.a4 h5 15.e4 dxe4
16.dxe4 Nh6 17.Nd4 h4 18.Nc4 Qc5 19.Ne3 Bb7 20.a5 h3 21.Bf3 Ne5 22.Be2 Nf5
23.exf5 Bxh1 24.axb6 axb6 25.fxe6 f5 26.b4 Qe7 27.Qa4 c5 28.f3 Nxf3+ 29.Nxf3 Qxe6
30.Qa8+ Kd7 31.Ra7+ Kd6 32.bxc5+  1-0

[Event "Lloyds Bank op"]
[Site "London"]
[Date "1987.??.??"]
[Round "1"]
[White "Hergott, Deen"]
[Black "Rogers, Ian"]
[Result "0-1"]
[WhiteElo "2305"]
[BlackElo "2535"]

1.Nf3 d5 2.g3 Nf6 3.Bg2 g6 4.O-O Bg7 5.c4 dxc4 6.Na3 O-O 7.Nxc4 Nc6 8.d3 Nd5
9.Bd2 Re8 10.Qc1 e5 11.Bh6 Bh8 12.h3 Nde7 13.Ne3 Nf5 14.Nxf5 Bxf5 15.Ng5 Nd4
16.Qc4 Qd7 17.Bd5 Re7 18.g4 Bxg4 19.hxg4 Qxg4+ 20.Kh1 Qh4+ 21.Kg2 Qxh6 22.Nxf7 Qf4
23.Ng5+ Kf8 24.Nh3 Qg4+ 25.Kh2 e4 26.dxe4 c6 27.Bg8 Nxe2 28.Qc5 Be5+ 29.f4 Qg3+  0-1

[Event "URS-FL"]
[Site "Lvov"]
[Date "1987.??.??"]
[Round "?"]
[White "Panchenko, Alexander N"]
[Black "Chernin, Alexander"]
[Result "1/2-1/2"]
[WhiteElo "2475"]
[BlackElo "2580"]

1.Nf3 d5 2.g3 c6 3.Bg2 Nf6 4.O-O Bg4 5.d3 Nbd7 6.Qe1 e5 7.e4 dxe4 8.dxe4 Bc5
9.b4 Be7 10.Bb2 Bxf3 11.Bxf3 a5 12.a3 Qb6 13.Nd2 axb4 14.Nc4 Qb5 15.Be2 O-O
16.Rb1 Qa4 17.Bd3 bxa3 18.Ba1 b5 19.Nxe5 Nxe5 20.Bxe5 a2 21.Rd1 c5 22.Bxf6 Bxf6
23.e5 Rfe8 24.f4 Qd4+ 25.Kg2 Qb2 26.Be4 Ra4 27.exf6 gxf6 28.Bxh7+ Kf8 29.Qf2 Kg7
30.Qxc5 Kxh7 31.Rfe1 Raa8 32.Rd7 Kg6 33.g4 Kg7 34.Qc7 Rf8 35.Ree7 Kg8 36.Rxf7 Rxf7
37.Rxf7 f5 38.Rxf5 Qg7 39.Qc6 Qxg4+ 40.Kf2 a1=Q 41.Qe6+ Kh8 42.Qh6+ Kg8 43.Qe6+ Kh7
44.Rf7+ Qgg7 45.Rxg7+ Kxg7 46.Qe7+ Kh8 47.Qh4+ Kg8 48.Qg5+ Kf7 49.Qd5+ Kf6
50.Qc6+ Kf5 51.Qxb5+ Kxf4 52.Qc4+ Ke5 53.Qb5+ Ke4 54.Qd3+ Kf4 55.Qc4+ Kg5
56.Qd5+ Kg6 57.Qe4+ Kg7 58.Qe7+  1/2-1/2

[Event "Malmo"]
[Site "Malmo"]
[Date "1987.??.??"]
[Round "?"]
[White "Hansen, Curt"]
[Black "Kupreichik, Viktor D"]
[Result "1/2-1/2"]
[WhiteElo "2550"]
[BlackElo "2500"]

1.Nf3 d5 2.g3 c5 3.Bg2 Nc6 4.d4 Nf6 5.O-O Bg4 6.Ne5 Bh5 7.Nxc6 bxc6 8.dxc5 Qa5
9.c4 e6 10.Nd2 Qxc5 11.cxd5 Nxd5 12.Bf3 Bxf3 13.Nxf3 Be7 14.Ne5 Bf6 15.Nd3 Qb5
16.Bd2 O-O 17.Qc2 a5 18.a4 Qa6 19.Rfc1 Rfc8 20.Qc4 Qa7 21.Qc5 Qb7 22.Rc2 h6
23.Rac1 Qb3 24.Qc4 Qxc4 25.Rxc4 Nb6 26.Re4 c5 27.Be3 Nd5 28.Bxc5 Rab8 29.Rc2 Nb6
30.Rd2 Rc6 31.Rd1 Bxb2 32.Bxb6  1/2-1/2

[Event "Malmo"]
[Site "Malmo"]
[Date "1987.??.??"]
[Round "?"]
[White "Karlsson, Lars"]
[Black "Garcia Palermo, Carlos"]
[Result "1-0"]
[WhiteElo "2495"]
[BlackElo "2520"]

1.Nf3 d5 2.g3 Nc6 3.d4 Bg4 4.Bg2 e6 5.O-O Nf6 6.b3 Be7 7.Bb2 Ne4 8.c4 O-O
9.Ne1 Bg5 10.Nc2 Bf5 11.e3 Be7 12.f3 Nf6 13.Nc3 dxc4 14.e4 cxb3 15.axb3 Bg6
16.Kh1 a5 17.Qe2 Nb4 18.Ne3 c6 19.Rad1 Ne8 20.f4 f6 21.f5 exf5 22.Nxf5 Nd6
23.Nh4 Qe8 24.Nxg6 Qxg6 25.Na4 Nb5 26.Nb6 Rad8 27.Nc4 Ra8 28.d5 Bc5 29.dxc6 Nxc6
30.Rd5 Nbd4 31.Qd1 Ne6 32.Rxc5 Nxc5 33.Qd5+ Qf7 34.Qxc5 a4 35.e5  1-0

[Event "Marseille"]
[Site "Marseille"]
[Date "1987.??.??"]
[Round "?"]
[White "Todorcevic, Miodrag"]
[Black "Agdestein, Simen"]
[Result "0-1"]
[WhiteElo "2475"]
[BlackElo "2565"]

1.g3 d5 2.Nf3 g6 3.Bg2 Bg7 4.c4 Nf6 5.O-O O-O 6.cxd5 Nxd5 7.d4 Nb6 8.Nc3 Nc6
9.e3 a5 10.Qe2 e5 11.dxe5 Nxe5 12.Nd4 a4 13.Rd1 Qe7 14.h3 Rd8 15.Rb1 c5 16.Ndb5 Be6
17.Rxd8+ Rxd8 18.b3 axb3 19.axb3 Nd5 20.Nxd5 Bxd5 21.Bxd5 Rxd5 22.e4 Rd3
23.Bf4 Qd7 24.Nc7 Rd4 25.Nb5 Rd3 26.Nc7 h5 27.Nd5 Rd4 28.Bxe5 Bxe5 29.Kg2 Kg7
30.Rc1 Qc6 31.f4 Bf6 32.Rf1 Qe6 33.Re1 Bd8 34.Qe3 Ba5 35.Re2 f5 36.Nc3 b6
37.exf5 Qxe3 38.Rxe3 gxf5 39.Nb5 Rd2+ 40.Kf3 Rh2 41.Nd6 Kf6 42.h4 Rd2 43.Nc4 Rc2
44.Rd3 Ke6 45.Rd6+ Ke7 46.Rd5 Rc3+ 47.Kg2 Kf6 48.Rd6+ Ke7 49.Rh6 Rxb3 50.Rxh5 Ke6
51.Rh8 Bc3 52.Re8+ Kd7 53.Re3 b5 54.Ne5+ Kd6 55.Nf7+ Kd5 56.h5 c4 57.h6 Bf6
58.Re1 Rb2+ 59.Kh3 c3 60.Rd1+ Rd2 61.Rc1 b4 62.h7 c2  0-1

[Event "Moscow-B"]
[Site "Moscow"]
[Date "1987.??.??"]
[Round "?"]
[White "Pigusov, Evgeny"]
[Black "Kaidanov, Grigory S"]
[Result "1-0"]
[WhiteElo "2520"]
[BlackElo "2420"]

1.Nf3 d5 2.g3 c6 3.Bg2 Bg4 4.c4 e6 5.Ne5 Bf5 6.cxd5 exd5 7.O-O Bd6 8.d4 Nf6
9.Nc3 Nbd7 10.Bf4 Qb8 11.Nxd7 Bxd7 12.Bg5 Be7 13.e4 dxe4 14.Nxe4 Nxe4 15.Bxe7 Kxe7
16.Bxe4 Re8 17.d5 Kf8 18.dxc6 Bxc6 19.Bxc6 bxc6 20.b3 Re6 21.Rc1 Qb6 22.Qd3 g6
23.Rfe1 Rae8 24.Rxe6 Rxe6 25.Kg2 Qa5 26.Rc2 h5 27.Rd2 Qb6 28.Qc3 Kg8 29.b4 Qc7
30.a3 Qe5 31.Qxe5 Rxe5 32.Rc2 Re6 33.Rc5 Kf8 34.Ra5 Re7 35.Kf3 Ke8 36.Ra6 Rc7
37.Ke3 Kd8 38.Kd4 Kc8 39.Ra5 Rd7+ 40.Kc4 Kb7 41.Re5 Kb6 42.a4 Rd2 43.a5+ Kc7
44.Re7+ Rd7 45.Rxd7+ Kxd7 46.Kc5 Kc7 47.f3 f5 48.f4 Kd7 49.b5 cxb5 50.Kxb5 Kc7
51.Ka6 Kb8 52.h3 Ka8 53.Kb5 Kb7 54.a6+ Kc7 55.Kc5 Kd7 56.Kd5 Ke7 57.Ke5 Kf7
58.Kd6 h4 59.gxh4 Kg7 60.Ke6  1-0

[Event "Moscow-B"]
[Site "Moscow"]
[Date "1987.??.??"]
[Round "?"]
[White "Pigusov, Evgeny"]
[Black "Petrosian, Arshak B"]
[Result "1/2-1/2"]
[WhiteElo "2520"]
[BlackElo "2495"]

1.Nf3 d5 2.g3 Nf6 3.Bg2 Bf5 4.c4 e6 5.O-O c6 6.b3 Nbd7 7.Bb2 h6 8.d3 a5 9.Nbd2 Bh7
10.a3 Be7 11.Qc2 O-O 12.Ne5 Nxe5 13.Bxe5 Re8 14.Qb2 Bf8 15.Nf3 Qe7 16.Bc3 Nd7
17.b4 dxc4 18.dxc4 e5 19.Nd2 e4 20.e3 Ne5 21.Bxe5 Qxe5 22.Qxe5 Rxe5 23.c5 Re7
24.Nc4 axb4 25.axb4 Rxa1 26.Rxa1 Rd7 27.Bh3 f5 28.Bf1 g5 29.Be2 Kg7 30.Rd1 Rxd1+
31.Bxd1 Be7 32.Na5 Bf6 33.Nxb7 Bc3 34.Ba4 Bxb4 35.Bxc6 Bg8 36.Bd7 Bd5 37.c6 Kf6
38.Nd8 Ba5 39.Nb7 Bc7 40.Nc5 Bd6 41.Nb7 Bb4 42.Nd8 Ke7 43.Nb7  1/2-1/2

[Event "Moscow TV"]
[Site "Moscow"]
[Date "1987.??.??"]
[Round "?"]
[White "Salov, Valery"]
[Black "Geller, Efim P"]
[Result "1-0"]
[WhiteElo "2550"]
[BlackElo "2500"]

1.Nf3 d5 2.g3 c6 3.Bg2 Bg4 4.c4 e6 5.b3 Nd7 6.Bb2 Ngf6 7.d3 Be7 8.Nbd2 O-O
9.O-O Re8 10.Qc2 Bf8 11.Rae1 e5 12.h3 Bh5 13.Nh4 a5 14.a3 Nc5 15.Kh2 Rc8
16.Qb1 Rc7 17.Ba1 b5 18.b4 axb4 19.axb4 Na6 20.c5 d4 21.e4 dxe3 22.Rxe3 Nd5
23.Rxe5 Rxe5 24.Bxe5 Rd7 25.Ne4 Naxb4 26.d4 Ra7 27.Bd6 Bg6 28.Nxg6 hxg6 29.Bxf8 Qxf8
30.Nd6 Re7 31.Qb3 Qa8 32.Nxb5 Qa6 33.Nd6 Kh7 34.Nc4 f6 35.Kg1 Re2 36.Nb6 Nc2
37.Nxd5 cxd5 38.Qxd5 Rd2 39.Be4 Nxd4 40.Qh5+ Kg8 41.Bxg6 Qe6 42.Qh7+ Kf8
43.Qh8+ Qg8 44.Qxg8+ Kxg8 45.Ra1 Kf8 46.Kg2 Ne6 47.c6 Rd6 48.Ra8+ Ke7 49.Re8+  1-0

[Event "Munich zt"]
[Site "Munich"]
[Date "1987.??.??"]
[Round "?"]
[White "Hug, Werner"]
[Black "Kindermann, Stefan"]
[Result "1/2-1/2"]
[WhiteElo "2430"]
[BlackElo "2520"]

1.Nf3 d5 2.g3 Nf6 3.Bg2 c6 4.O-O Bg4 5.d4 Nbd7 6.Nbd2 e6 7.Re1 Be7 8.e4 O-O
9.c3 c5 10.exd5 exd5 11.dxc5 Nxc5 12.Nb3 Nce4 13.Nbd4  1/2-1/2

[Event "New York op"]
[Site "New York"]
[Date "1987.??.??"]
[Round "?"]
[White "Damljanovic, Branko"]
[Black "Hansen, Curt"]
[Result "1-0"]
[WhiteElo "2470"]
[BlackElo "2540"]

1.g3 d5 2.Nf3 Nf6 3.Bg2 c6 4.O-O Bg4 5.d3 Nbd7 6.Nbd2 e5 7.h3 Bh5 8.e4 dxe4
9.dxe4 Bc5 10.Qe1 Bxf3 11.Bxf3 O-O 12.a4 Qe7 13.Qe2 a5 14.Nc4 Ne8 15.Bd2 b6
16.Bg4 Nc7 17.Kg2 Ne6 18.c3 g6 19.Bh6 Rfe8 20.h4 f6 21.Rad1 Ndf8 22.h5 Rad8
23.Bc1 Rxd1 24.Rxd1 Rd8 25.Rh1 Qd7 26.Qf3 Qd3 27.Qxd3 Rxd3 28.Kf1 Rd8 29.Ke2 Kf7
30.f3 Ng7 31.h6 Ne8 32.Be3 Bxe3 33.Kxe3 Nd6 34.Nxd6+ Rxd6 35.b4 axb4 36.cxb4 Rd4
37.Rb1 Ke7 38.a5 b5 39.f4 Nd7 40.Rb3 Nb8 41.Bc8 Kd8 42.Be6 Na6 43.Bg8 Nxb4
44.Bxh7 Nc2+ 45.Kf2 Rd2+ 46.Kg1 Rd1+ 47.Kg2 Rd2+ 48.Kh3 Kc7 49.fxe5 fxe5
50.Rb2 Rd7 51.Bg8 Nd4 52.h7 Rxh7+ 53.Bxh7 c5 54.Bxg6 c4 55.Bf7 c3 56.Rb1 Kb7
57.g4  1-0

[Event "New York op"]
[Site "New York"]
[Date "1987.??.??"]
[Round "?"]
[White "Gutman, Lev"]
[Black "Rodriguez Vargas, Orestes"]
[Result "1/2-1/2"]
[WhiteElo "2530"]
[BlackElo "2455"]

1.Nf3 d5 2.g3 Nf6 3.Bg2 c6 4.O-O Bg4 5.d3 Nbd7 6.Qe1 e5 7.e4 dxe4 8.dxe4 Be7
9.Nbd2 O-O 10.h3 Bh5 11.Nc4 Qc7 12.a4 Rfe8 13.Nh4 Rad8 14.Bd2 Bg6 15.Bc3 Bc5
16.Nxg6 hxg6 17.a5 b5 18.axb6 axb6 19.Ra2 b5 20.Ba5 Nb6 21.b4 Qa7 22.Nxe5 Rxe5
23.bxc5 Nc4 24.Bxd8 Qxa2 25.f4 Re8 26.Bxf6 gxf6 27.Qc3 Qb2 28.Qxb2 Nxb2 29.e5 fxe5
30.f5 gxf5 31.Bxc6 Rc8 32.Bd7 Rxc5 33.Bxf5 Nc4 34.Bd3 e4 35.Bxe4 Nd2 36.Rf4 Nxe4
37.Rxe4 Rxc2 38.Rb4  1/2-1/2

[Event "NLD-chT"]
[Site "NLD"]
[Date "1987.??.??"]
[Round "?"]
[White "Ree, Hans"]
[Black "Brenninkmeijer, Joris"]
[Result "1-0"]
[WhiteElo "2440"]
[BlackElo "2360"]

1.Nf3 d5 2.g3 Nf6 3.Bg2 c6 4.O-O Bg4 5.b3 e6 6.Bb2 Nbd7 7.d4 Be7 8.Nbd2 O-O
9.c4 Qb8 10.h3 Bh5 11.Re1 h6 12.Qc1 a5 13.Ba3 Bxa3 14.Qxa3 e5 15.dxe5 Nxe5
16.Nh4 Qa7 17.Nf5 Rfd8 18.Qb2 Re8 19.cxd5 Nxd5 20.Nc4 f6 21.Rad1 Nb6 22.Ncd6 Re6
23.Qd4 Rd8 24.Qc5 Ned7 25.Nxh6+ gxh6 26.Qxh5 Ne5 27.Nf5  1-0

[Event "URS-ch otbor"]
[Site "Norilsk"]
[Date "1987.??.??"]
[Round "?"]
[White "Sveshnikov, Evgeny"]
[Black "Shabalov, Alexander"]
[Result "1-0"]
[WhiteElo "2490"]
[BlackElo "2375"]

1.g3 d5 2.Nf3 e6 3.Bg2 f5 4.O-O Nf6 5.b3 Nbd7 6.Bb2 c6 7.d3 Bc5 8.Nbd2 O-O
9.c4 Qe7 10.d4 Bd6 11.Ne5 a5 12.Qc2 a4 13.Rab1 Ne4 14.Nd3 Nxd2 15.Qxd2 b6
16.Rfc1 Bb7 17.Rc2 Nf6 18.Qc1 axb3 19.axb3 Nd7 20.Qd1 Rfd8 21.Bc1 Nf6 22.Bg5 h6
23.Bxf6 gxf6 24.c5 bxc5 25.Nxc5 Ba6 26.Nxa6 Rxa6 27.Qc1 Qf7 28.Bf1 Kg7 29.e3 Ba3
30.Qd2 Rb6 31.Ra2 Ra8 32.g4 Qe7 33.Qd1 Rg8 34.gxf5 Bd6 35.Kh1 Kh8 36.fxe6 Qxe6
37.Qf3 Rb7 38.Bh3 Qe7 39.Raa1 Bb8 40.Rg1 Qd6 41.Rxg8+ Kxg8 42.Rg1+ Rg7 43.Rxg7+ Kxg7
44.Qg2+ Kf8 45.Bf5 Qc7 46.Qh3 Qg7 47.Bd3 Ke7 48.Qc8 Qf8 49.Qxc6 Qd8 50.Bb5 Kf7
51.Kg2 Qd6 52.Qe8+ Kg7 53.f4 Bc7 54.Bd3  1-0

[Event "Ostend op"]
[Site "Ostend"]
[Date "1987.??.??"]
[Round "3"]
[White "Hergott, Deen"]
[Black "Flear, Glenn C"]
[Result "0-1"]
[WhiteElo "2305"]
[BlackElo "2480"]

1.Nf3 d5 2.g3 c6 3.Bg2 Nf6 4.d3 Bg4 5.Nbd2 Nbd7 6.O-O e5 7.h3 Bh5 8.b3 Qc7
9.Nh4 O-O-O 10.g4 Bg6 11.c4 dxc4 12.Nxc4 Be7 13.f4 Nd5 14.f5 Bxh4 15.fxg6 fxg6
16.Rf7 Rhf8 17.Ba3 Rxf7 18.Bd6 Ne3 19.Qc1 Nxg2 20.Bxc7 Kxc7 21.Kxg2 Rf2+
22.Kh1 Rxe2 23.Qa3 Rf8 24.Qd6+ Kc8 25.Qe6 Be1 26.Nd6+ Kc7 27.Nf7 Rf2 28.Qd6+ Kc8
29.Rxe1 R8xf7 30.d4 Rf1+ 31.Rxf1 Rxf1+ 32.Kg2 Rd1 33.Qe7 exd4 34.Qe8+ Kc7
35.Qe2 Rb1 36.Qe4 Rb2+ 37.Kf3 d3 38.Qf4+ Kc8 39.Qd4 Rxa2 40.Ke3 Ne5 41.Kf4 Ra5  0-1

[Event "Ostend op"]
[Site "Ostend"]
[Date "1987.??.??"]
[Round "4"]
[White "Hartoch, Robert G"]
[Black "Steinbacher, Matthias"]
[Result "1-0"]
[WhiteElo "2360"]
[BlackElo "2260"]

1.Nf3 d5 2.g3 Bg4 3.Bg2 Nd7 4.O-O e6 5.d3 Bxf3 6.Bxf3 g6 7.e4 dxe4 8.dxe4 Bg7
9.Qe2 Ne7 10.Bg2 O-O 11.Na3 Nc6 12.c3 Qe7 13.Nc2 Rfd8 14.Be3 Nb6 15.Rfd1 Rxd1+
16.Rxd1 Rd8 17.Bf1 Rxd1 18.Qxd1 Qd7 19.Qxd7 Nxd7 20.Bb5 Ndb8 21.f4 a6 22.Bd3 Kf8
23.Kf2 Ke8 24.Ke2 Nd7 25.g4 Bf8 26.b4 Bg7 27.Kd2 Kd8 28.Ne1 Bh6 29.g5 Bg7
30.Kc2 h6 31.h4 hxg5 32.hxg5 Ne7 33.Nf3 Nc8 34.c4 Bf8 35.c5 Na7 36.Kb3 a5
37.a3 axb4 38.axb4 b6 39.cxb6 cxb6 40.Ne5 Nxe5 41.Bxb6+ Kd7 42.fxe5 Nc6 43.b5 Nxe5
44.Be2 Kc8 45.Bd4 Bd6 46.Ka4 Nd7 47.Ka5 Bc5 48.Bxc5 Nxc5 49.Bf3 Kb7 50.Kb4 Nd7
51.Be2 Kc7 52.Kc4 Kd6 53.Kd4 Nb6 54.e5+ Kc7 55.Bf3 Nd7 56.Bc6 Nf8 57.Kc5 Nh7
58.b6+ Kb8 59.Kd6 Nxg5 60.Ke7 Nh3 61.Kxf7 Nf4 62.Kf6 Kc8 63.Be4 Kd7 64.Kg5 Nh3+
65.Kxg6 Nf2 66.Bf3 Nd3 67.b7 Kc7 68.Kf6 Nc5 69.Ke7 Nb3 70.Be4 Nd4 71.Bh1  1-0

[Event "Ostend op"]
[Site "Ostend"]
[Date "1987.??.??"]
[Round "5"]
[White "Jadoul, Michel"]
[Black "Flear, Glenn C"]
[Result "1/2-1/2"]
[WhiteElo "2340"]
[BlackElo "2480"]

1.Nf3 d5 2.g3 Nf6 3.Bg2 c6 4.O-O Bg4 5.c4 e6 6.d3 Bd6 7.Nc3 Nbd7 8.b3 O-O
9.Bb2 Qe7 10.Qc2 e5 11.h3 Bxf3 12.Bxf3 d4 13.Nb1 Ne8 14.Nd2 f5 15.Rfe1 Bc5
16.Nf1 Nd6 17.a3 a5 18.Qd2 e4 19.Bg2 f4 20.dxe4 Nxe4 21.Bxe4 Qxe4 22.b4 Bd6
23.Qxd4 Qxd4 24.Bxd4 axb4 25.axb4 Rxa1 26.Rxa1 fxg3 27.Nxg3 Bxb4 28.Rf1 Rf7
29.Ne4 Nf8 30.Rb1 Ne6 31.Rxb4 Nxd4 32.e3 Nf5 33.c5 Rd7 34.Kf1 h6 35.Ke2 Kf7
36.f4 Ke8 37.Nc3 Kd8 38.Rb2 Kc7 39.Rb4 Rd8 40.Rb2 g6 41.Rd2 Re8 42.Rd3 Ng7
43.Kf3 Ne6 44.Ne4 Re7 45.Rd2 Rd7 46.Rxd7+ Kxd7 47.Ke2 Ng7 48.Nf2 Ne6 49.Nd3 Kc7  1/2-1/2

[Event "Pancevo"]
[Site "Pancevo"]
[Date "1987.??.??"]
[Round "?"]
[White "Todorcevic, Miodrag"]
[Black "Vasiljevic, Dragan"]
[Result "1-0"]
[WhiteElo "2475"]
[BlackElo "2340"]

1.Nf3 d5 2.g3 c5 3.Bg2 Nc6 4.d3 g6 5.O-O Bg7 6.Nbd2 e6 7.e4 Nge7 8.Re1 b6
9.c3 a5 10.a4 Ra7 11.h4 h6 12.exd5 exd5 13.Nb3 O-O 14.d4 c4 15.Nbd2 Bf5 16.b3 Bd3
17.Ba3 Qb8 18.Re3 Rd8 19.Bxe7 Rxe7 20.Rxe7 Nxe7 21.Ne1 Bf5 22.bxc4 dxc4 23.Nc2 Qc7
24.Ne3 Bd3 25.Bf1 Nd5 26.Nxd5 Rxd5 27.Qf3 Rf5 28.Qe3 Bxf1 29.Qe8+ Bf8 30.Rxf1 Kg7
31.Qe2 Bd6 32.f4 b5 33.axb5 Rxb5 34.Qxc4 Qb7 35.Rf2 Rb2 36.h5 gxh5 37.Qe2 a4
38.Qxh5 Qc7 39.Qg4+ Kf8 40.Re2 Qb7 41.Qh5 Kg7 42.Rh2 Kf8 43.Qxh6+ Ke7 44.Re2+ Kd7
45.Qh5 Kc6 46.Ne4 Rb1+ 47.Kf2 Qc7 48.Qf5  1-0

[Event "Pancevo"]
[Site "Pancevo"]
[Date "1987.??.??"]
[Round "?"]
[White "Tringov, Georgi P"]
[Black "Todorovic, Goran N"]
[Result "1/2-1/2"]
[WhiteElo "2430"]
[BlackElo "2410"]

1.Nf3 d5 2.g3 c5 3.Bg2 Nc6 4.O-O e5 5.d3 Nf6 6.e4 dxe4 7.dxe4 Qxd1 8.Rxd1 Nd4
9.Nxd4 cxd4 10.Nd2 Bg4 11.f3 Be6 12.Bf1 Rc8 13.Bd3 Nd7 14.f4 f6 15.Nf3 Be7
16.Bd2 O-O 17.b3 Kh8 18.Kg2 Bd6 19.fxe5 fxe5 20.Ng5 Bg8 21.Rf1 h6 22.Rxf8 Rxf8
23.Nf3 g5 24.g4 Be6 25.Kg3 Nc5 26.Rh1 Bd5 27.Re1 Be6  1/2-1/2

[Event "Pavlodar"]
[Site "Pavlodar"]
[Date "1987.??.??"]
[Round "?"]
[White "Pigusov, Evgeny"]
[Black "Dreev, Alexey"]
[Result "1/2-1/2"]
[WhiteElo "2520"]
[BlackElo "2475"]

1.Nf3 d5 2.g3 Nf6 3.Bg2 c6 4.O-O Bg4 5.c4 e6 6.Ne5 Bf5 7.cxd5 exd5 8.d4 Nbd7
9.Nc3 Be7 10.h3 h6 11.Qb3 Qb6 12.Qd1 Qd8 13.Qb3 Qb6 14.Qd1 Qd8 15.Qb3  1/2-1/2

[Event "Pavlodar"]
[Site "Pavlodar"]
[Date "1987.??.??"]
[Round "?"]
[White "Yermolinsky, Alex"]
[Black "Sideif Sade, Fikret I"]
[Result "1/2-1/2"]
[WhiteElo "2445"]
[BlackElo "2385"]

1.Nf3 d5 2.g3 Nf6 3.Bg2 g6 4.c4 c6 5.Qa4 Nbd7 6.cxd5 Nb6 7.Qb3 Nbxd5 8.O-O Bg7
9.d3 Qb6 10.Qc2 O-O 11.a3 Rd8 12.Nbd2 Bg4 13.h3 Bxf3 14.Bxf3 e5 15.Rb1 Nd7
16.Nc4 Qc7 17.b4 Nf8 18.Bb2 Ne6 19.e3 Rac8 20.Qb3 b5 21.Na5 Nxe3 22.fxe3 e4
23.Bxe4 Qxg3+ 24.Bg2 Qxe3+ 25.Kh1 Rxd3 26.Qc2 Bxb2 27.Qxb2 Nd4 28.Rbe1 Qg5
29.Rd1 Qg3 30.Rxd3 Qxd3 31.Re1 a6 32.Qf2 c5 33.Nb7 cxb4 34.Nd6 Rf8 35.Qf6 Ne2
36.axb4 Qd2 37.Ra1 Nf4 38.Rg1 Qxb4 39.Ne4 Nh5 40.Qe5 f6 41.Qe6+ Kg7 42.Nd6 Nf4
43.Qd7+ Kh8 44.Nf7+ Kg8 45.Nh6+ Kh8 46.Nf7+  1/2-1/2

[Event "POL-ch"]
[Site "?"]
[Date "1987.??.??"]
[Round "?"]
[White "Dejkalo, Stefan"]
[Black "Kuczynski, Robert"]
[Result "0-1"]
[WhiteElo "2395"]
[BlackElo "2450"]

1.Nf3 d5 2.g3 c6 3.Bg2 Bg4 4.d3 Nd7 5.O-O e6 6.c4 Bd6 7.Nc3 Ne7 8.cxd5 exd5
9.h3 Bh5 10.e4 dxe4 11.dxe4 Ne5 12.g4 Bg6 13.Nxe5 Bxe5 14.Be3 Bc7 15.Qe2 Bb6
16.Rad1 Qc7 17.f4 f6 18.Bxb6 axb6 19.e5 fxe5 20.fxe5 Rf8 21.Rfe1 Rd8 22.Qe3 Nc8
23.Be4 Rxd1 24.Bxg6+ hxg6 25.Rxd1 Qf7 26.e6 Qf3 27.Qxf3 Rxf3 28.Ne4 Re3 29.Ng5 Re5
30.h4 Rd5 31.Rxd5 cxd5 32.Kf2 Ne7 33.b4 b5 34.Ke3 Nc6 35.a3 Ke7 36.Kf3 Kd6
37.Ke3 Ke7 38.Kf4 Kf6 39.Kf3 Nd4+ 40.Kf4 Nxe6+ 41.Nxe6 Kxe6  0-1

[Event "Rubinstein mem"]
[Site "Polanica Zdroj"]
[Date "1987.??.??"]
[Round "?"]
[White "Popchev, Milko"]
[Black "Kuczynski, Robert"]
[Result "1/2-1/2"]
[WhiteElo "2460"]
[BlackElo "2470"]

1.Nf3 d5 2.g3 c6 3.b3 Bf5 4.Bb2 e6 5.Bg2 Nf6 6.d3 h6 7.Nbd2 Be7 8.O-O O-O
9.c4 Bh7 10.Rc1 a5 11.a3 Nbd7 12.Rc2 Ne8 13.Qa1 Bf6 14.Ne5 Nxe5 15.Bxe5 Qd6
16.Bxd6  1/2-1/2